| 000 | 00538nam a2200193Ia 4500 | ||
|---|---|---|---|
| 005 | 20250508151407.0 | ||
| 008 | 008 250505s9999 xx 000 0 eng d | ||
| 037 | _aTextual | ||
| 040 |
_aFEDL _beng _cFEDL |
||
| 041 |
_aeng _2eng |
||
| 084 |
_a370.942, GRE _qFEDL |
||
| 100 |
_aGreen Ernest _9755739 |
||
| 245 | 0 | _aEducation for a new society | |
| 260 |
_aLondon, UK _bGeorge Routledge and Sons Limited _c1942 |
||
| 300 | _a145p. | ||
| 650 | _aEducation | ||
| 942 |
_cTEXL _h370.942, GRE |
||
| 999 |
_c1329489 _d1329489 |
||